|
|
|
|
| LEADER |
00000nam0a2200000 4500 |
| 001 |
99309 |
| 005 |
20231031111638.0 |
| 035 |
|
|
|a (RuTPU)RU\TPU\book\106541
|
| 090 |
|
|
|a 99309
|
| 100 |
|
|
|a 20060630d2005 k y0rusy50 ca
|
| 101 |
0 |
|
|a rus
|
| 102 |
|
|
|a RU
|
| 105 |
|
|
|a a l 000zy
|
| 200 |
1 |
|
|a Методика построения нормативных характеристик градирен испарительного типа. СО 34.22.302-2005
|f Инженерный центр ЕЭС
|
| 210 |
|
|
|a Москва
|c ОРГРЭС
|d 2005
|
| 215 |
|
|
|a 14 с.
|c ил.
|
| 610 |
1 |
|
|a тепловые электрические станции
|
| 610 |
1 |
|
|a техническое водоснабжение
|
| 610 |
1 |
|
|a градирни
|
| 610 |
1 |
|
|a нормативные характеристики
|
| 610 |
1 |
|
|a обозначения
|
| 610 |
1 |
|
|a конструкции
|
| 675 |
|
|
|a 621.311.22:628
|v 3
|
| 712 |
0 |
2 |
|a Единая энергетическая система России (ОАО РАО "ЕЭС России")
|b Инженерный уентр
|c Российское открытое акционерное общество энергетики и электрификации
|c (Москва)
|2 stltpush
|3 (RuTPU)RU\TPU\col\26
|
| 801 |
|
1 |
|a RU
|b 63413507
|c 20060630
|g PSBO
|
| 801 |
|
2 |
|a RU
|b 63413507
|c 20080206
|g PSBO
|
| 942 |
|
|
|c BK
|
| 959 |
|
|
|a 59/20060626
|d 1
|e 220,00
|f НФ:1
|